<?xml version="1.0" encoding="UTF-8"?>
<resp>
  <nextPage>https://data.bn.org.pl/api/networks/bibs.marcxml?marc=001+b00001150001627&amp;sinceId=1150001628</nextPage>
  <collection>
    <record xmlns='http://www.loc.gov/MARC21/slim'><leader>00910namZa2200277ZiZ4500</leader><controlfield tag='001'>b00001150001627</controlfield><controlfield tag='005'>20250802055757.2</controlfield><controlfield tag='008'>230609s        pl           |000 0 pol c</controlfield><controlfield tag='009'>9913261228505606</controlfield><datafield ind1=' ' ind2=' ' tag='035'><subfield code='a'>KR_1KR_1_20120317225933064325-48omnis_kr</subfield></datafield><datafield ind1=' ' ind2=' ' tag='035'><subfield code='a'>KR_1_20120317225933064325</subfield><subfield code='9'>ExL</subfield></datafield><datafield ind1=' ' ind2=' ' tag='035'><subfield code='a'>(PL)b00001150001627</subfield></datafield><datafield ind1=' ' ind2=' ' tag='040'><subfield code='a'>KR_1</subfield><subfield code='c'>KR_1</subfield></datafield><datafield ind1='0' ind2=' ' tag='041'><subfield code='a'>pol</subfield></datafield><datafield ind1='1' ind2=' ' tag='100'><subfield code='a'>Abramowska, Janina</subfield></datafield><datafield ind1='1' ind2='0' tag='245'><subfield code='a'>Ład i fortuna :</subfield><subfield code='b'>o tragedii renesansowej w Polsce /</subfield><subfield code='c'>Janina Abramowska.</subfield></datafield><datafield ind1=' ' ind2=' ' tag='260'><subfield code='a'>Wrocław [i in.] :</subfield><subfield code='b'>ZakładNarodowy im. Ossolińskich,</subfield><subfield code='c'>1974.</subfield></datafield><datafield ind1=' ' ind2=' ' tag='300'><subfield code='a'>218 s. ;</subfield><subfield code='c'>24 cm.</subfield></datafield><datafield ind1='1' ind2=' ' tag='490'><subfield code='a'>Studia Staropolskie ;</subfield><subfield code='v'>T. 40</subfield></datafield><datafield ind1=' ' ind2=' ' tag='500'><subfield code='a'>n</subfield></datafield><datafield ind1=' ' ind2=' ' tag='852'><subfield code='b'>48OMNIS_NETWORK</subfield><subfield code='8'>9913261228505606</subfield></datafield><datafield ind1=' ' ind2=' ' tag='852'><subfield code='b'>48OMNIS_KBP</subfield><subfield code='8'>990000132330108412</subfield></datafield><datafield ind1=' ' ind2=' ' tag='852'><subfield code='b'>48OMNIS_KR</subfield><subfield code='8'>991000016269708216</subfield></datafield><datafield ind1=' ' ind2=' ' tag='852'><subfield code='8'>22759758130008412</subfield><subfield code='j'>1</subfield><subfield code='b'>BG</subfield><subfield code='p'>01941302</subfield><subfield code='c'>M</subfield></datafield></record>
  </collection>
</resp>
